| 000 | 02289nam a2200505 a 4500 | ||
|---|---|---|---|
| 001 | ebr10476827 | ||
| 003 | CaPaEBR | ||
| 006 | m u | ||
| 007 | cr cn||||||||| | ||
| 008 | 050823s2005 nyu sb 001 0 eng d | ||
| 010 | _z 2005024143 | ||
| 020 | _z0875864236 (hard cover : alk. paper) | ||
| 020 | _z9780875864235 (hard cover : alk. paper) | ||
| 020 | _z0875863957 (trade paper : alk. paper) | ||
| 020 | _z9780875863955 (trade paper : alk. paper) | ||
| 020 | _z0875864228 (trade paper : alk. paper) | ||
| 020 | _z9780875864228 (trade paper : alk. paper) | ||
| 020 | _z0875864244 (ebook) | ||
| 020 | _z0875863965 (hard cover : alk. paper) | ||
| 020 | _z9780875863962 (hard cover : alk. paper) | ||
| 020 | _z0875863973 (ebook) | ||
| 020 | _z9780875863979 (ebook) | ||
| 020 | _z9780875864242 (e-book) | ||
| 040 |
_aCaPaEBR _cCaPaEBR |
||
| 035 | _a(OCoLC)63789426 | ||
| 043 |
_an-us--- _an-usp-- |
||
| 050 | 1 | 4 |
_aE179.5 _b.D57 2005eb |
| 082 | 0 | 4 |
_a978/.02 _222 |
| 100 | 1 |
_aDippel, John Van Houten, _d1946- |
|
| 245 | 1 | 0 |
_aRace to the frontier _h[electronic resource] : _b"White flight" and westward expansion / _cJohn V.H. Dippel. |
| 260 |
_aNew York : _bAlgora Pub., _cc2005. |
||
| 300 | _axi, 337 p. | ||
| 504 | _aIncludes bibliographical references (p. 307-333) and index. | ||
| 505 | 0 | _aWhite Negroes in the Tidewater -- Running for the Virginia hills -- Bluegrass, Black dominance -- White flight across the Ohio -- Holding the color line in the Old Northwest -- Racial strife crosses the Mississippi -- The politics of exclusion -- Manifest necessity. | |
| 533 |
_aElectronic reproduction. _bPalo Alto, Calif. : _cebrary, _d2013. _nAvailable via World Wide Web. _nAccess may be limited to ebrary affiliated libraries. |
||
| 650 | 0 |
_aFrontier and pioneer life _zUnited States. |
|
| 650 | 0 |
_aFrontier and pioneer life _zWest (U.S.) |
|
| 650 | 0 |
_aWhites _xMigrations _zUnited States _xHistory. |
|
| 650 | 0 |
_aRacism _zUnited States _xHistory. |
|
| 651 | 0 |
_aUnited States _xTerritorial expansion. |
|
| 651 | 0 |
_aUnited States _xRace relations. |
|
| 655 | 7 |
_aElectronic books. _2local |
|
| 710 | 2 | _aebrary, Inc. | |
| 856 | 4 | 0 |
_uhttp://site.ebrary.com/lib/rucke/Doc?id=10476827 _zAn electronic book accessible through the World Wide Web; click to view |
| 999 |
_c116635 _d116635 |
||